000 00668nam a2200241Ia 4500
003 OSt
005 20221007071239.0
006 a|||||r|||| 00| 0
007 ta
008 221006b |||||||| |||| 00| 0 eng d
024 _a24,714
037 _cTextual
040 _aFLL
_cFLL
_beng
041 _2eng
_aeng
082 _aZ3v:N3, H8
100 _aPlucknett Theodore F.T.
_9684143
245 0 _aConcise history of the common law
250 _a4th
260 _aLondon
_bButterworth & Co. (Publishers) Ltd. London
_c1948
300 _axxxiii,1-707p
_ccm.
942 _hZ3v:N3, H8
_cTEXL
_2CC
999 _c1142873
_d1142873